Statistics for Name Every 2023-24 Toronto Maple Leaf

Click here to take the quiz!

General Stats

  • This quiz has been taken 8 times
    (5 since last reset)
  • The average score is 28 of 33

Answer Stats

Jersey #Player% Correct
#34Auston Matthews
100%
#74Bobby McMann
100%
#19Calle Jarnkrok
100%
#24Connor Dewar
100%
#25Conor Timmins
100%
#64David Kampf
100%
#46Ilya Lyubushkin
100%
#35Ilya Samsonov
100%
#91John Tavares
100%
#60Joseph Woll
100%
#31Martin Jones
100%
#23Matthew Knies
100%
#11Max Domi
100%
#16Mitch Marner
100%
#44Morgan Rielly
100%
#89Nick Robertson
100%
#29Pontus Holmberg
100%
#75Ryan Reaves
100%
#2Simon Benoit
100%
#78TJ Brodie
100%
#59Tyler Bertuzzi
100%
#85William Lagesson
100%
#88William Nylander
100%
#22Jake McCabe
67%
#20Joel Edmundson
67%
#3John Klingberg
67%
#55Mark Giordano
67%
#18Noah Gregor
67%
#37Timothy Liljegren
67%
#46Alex Steeves
33%
#39Fraser Minten
33%
#83Marshall Rifai
33%
#48Maxime Lajoie
33%

Score Distribution

Percentile by Number Answered

Percent of People with Each Score

Your Score History

You have not taken this quiz since the last reset